[Event "FICGS rapid silver 000293 email"]
[Site "FICGS email"]
[Date "2023.06.01"]
[Round "1"]
[White "Kruse, Herbert"]
[Black "Armstrong, Keith"]
[Result "1/2-1/2"]
[WhiteElo "2501"]
[BlackElo "2244"]
[PlyCount "84"]
[EventDate "2023.??.??"]
[EventType "match (rapid)"]
[EventRounds "2"]
[SourceTitle "Corr 2024"]
[Source "ChessBase"]
[SourceDate "2023.10.19"]
[SourceVersion "1"]
[SourceVersionDate "2023.10.19"]
[SourceQuality "1"]

1. Nf3 Nf6 2. g3 c5 3. c4 d5 4. cxd5 Nxd5 5. Nc3 Nc6 6. Bg2 Nc7 7. a3 e5 8. b4 f6 9. b5 Nd4 10. Rb1 Be7 11. e3 Nf5 12. 0-0 0-0 13. Qe2 Re8 14. d3 Be6 15. Nd2 Nd5 16. Bb2 Nxc3 17. Bxc3 Qd7 18. Nc4 Bf8 19. b6 a6 20. Rfd1 Rad8 21. Na5 Nd6 22. Rdc1 Bg4 23. Qf1 Bf5 24. Be1 Rc8 25. Rd1 Kh8 26. h3 h6 27. Rbc1 e4 28. dxe4 Bxe4 29. Nc4 Bc6 30. h4 Bb5 31. Qe2 Qe6 32. Bd5 Qe7 33. Ba5 Qd7 34. Qh5 Bxc4 35. Bxc4 Qa4 36. Rxd6 Bxd6 37. Be1 Re5 38. Qg6 Qe8 39. Bf7 Qd7 40. Bc4 Qe8 41. Bf7 Qd7 42. Bc4 Qe8 1/2-1/2

[Event "FICGS rapid silver 000292 email"]
[Site "FICGS email"]
[Date "2023.05.26"]
[Round "2"]
[White "Ligon, Scott"]
[Black "Kruse, Herbert"]
[Result "1/2-1/2"]
[WhiteElo "2317"]
[BlackElo "2501"]
[PlyCount "66"]
[EventDate "2023.??.??"]
[EventType "match (rapid)"]
[EventRounds "2"]
[SourceTitle "Corr 2024"]
[Source "ChessBase"]
[SourceDate "2023.10.19"]
[SourceVersion "1"]
[SourceVersionDate "2023.10.19"]
[SourceQuality "1"]

1. e4 e5 2. f4 exf4 3. Bc4 Nc6 4. Nf3 g5 5. d4 Bg7 6. h4 h6 7. Nc3 d6 8. Qd3 Bg4 9. Bb5 Kf8 10. Bxc6 bxc6 11. Bd2 Ne7 12. 0-0-0 Ng6 13. Ne2 Bxf3 14. Qxf3 Nxh4 15. Rxh4 gxh4 16. Nxf4 Qf6 17. Kb1 Kg8 18. Bc3 Rb8 19. g3 hxg3 20. Qxg3 Kh7 21. Nh5 Qg6 22. Qh2 Rhg8 23. Rh1 Rbe8 24. e5 dxe5 25. dxe5 Bh8 26. a4 c5 27. Rf1 Re7 28. Qh4 Re6 29. a5 Rge8 30. Nf4 Qg5 31. Qxg5 hxg5 32. Nxe6 fxe6 33. Ka2 Kg6 1/2-1/2

[Event "FICGS rapid silver 000286 email"]
[Site "FICGS email"]
[Date "2023.05.05"]
[Round "1"]
[White "Kruse, Herbert"]
[Black "Armstrong, Keith"]
[Result "1/2-1/2"]
[WhiteElo "2501"]
[BlackElo "2244"]
[PlyCount "45"]
[EventDate "2023.??.??"]
[EventType "match (rapid)"]
[EventRounds "2"]
[SourceTitle "Corr 2024"]
[Source "ChessBase"]
[SourceDate "2023.10.19"]
[SourceVersion "1"]
[SourceVersionDate "2023.10.19"]
[SourceQuality "1"]

1. e4 e5 2. Nf3 Nc6 3. Bb5 Nf6 4. 0-0 Nxe4 5. d4 Nd6 6. Bxc6 dxc6 7. dxe5 Nf5 8. Qxd8+ Kxd8 9. Nc3 Bd7 10. h3 h6 11. b3 c5 12. Rd1 Kc8 13. Bb2 Be6 14. Nd5 g5 15. c4 b6 16. g4 Ne7 17. Kh2 Ng6 18. Kg3 Be7 19. Nd2 Kb7 20. Ne4 a6 21. Rd2 Rhd8 22. Rad1 Bf8 23. Nef6 1/2-1/2

[Event "FICGS class GM 000012 email"]
[Site "FICGS email"]
[Date "2023.04.08"]
[Round "1"]
[White "Kruse, Herbert"]
[Black "Bernal Varela, Nelson"]
[Result "1/2-1/2"]
[WhiteElo "2499"]
[BlackElo "2490"]
[PlyCount "55"]
[EventDate "2023.??.??"]
[EventType "tourn (corr)"]
[EventRounds "6"]
[EventCategory "11"]
[SourceTitle "Corr 2024"]
[Source "ChessBase"]
[SourceDate "2023.10.19"]
[SourceVersion "1"]
[SourceVersionDate "2023.10.19"]
[SourceQuality "1"]

1. d4 e6 2. e4 d5 3. e5 c5 4. c3 Qb6 5. Nf3 Nc6 6. a3 c4 7. Nbd2 Na5 8. Rb1 Bd7 9. h4 0-0-0 10. b3 cxb3 11. Nxb3 Ba4 12. Nfd2 Kb8 13. Qc2 Rc8 14. Rh3 h5 15. Qa2 Nxb3 16. Nxb3 Qc7 17. Ba6 Ka8 18. Nc5 bxa6 19. Nxa4 Qc6 20. Nb2 Ne7 21. Nd1 a5 22. a4 f6 23. exf6 gxf6 24. Rf3 Nf5 25. g3 Bd6 26. Kf1 Bb8 27. Bf4 Bxf4 28. Rxf4 1/2-1/2

[Event "Werther Schloss op 26th"]
[Site "Werther"]
[Date "2023.04.02"]
[Round "7"]
[White "Kruse, Herbert"]
[Black "Korchynskyi, Mykola"]
[Result "1-0"]
[WhiteElo "2204"]
[BlackElo "1961"]
[PlyCount "106"]
[EventDate "2023.03.30"]
[EventType "swiss"]
[EventRounds "7"]
[EventCountry "GER"]
[SourceTitle "CBM 213 Extra"]
[Source "ChessBase"]
[SourceDate "2023.05.31"]
[SourceVersion "1"]
[SourceVersionDate "2023.05.31"]
[SourceQuality "1"]

1. Nf3 d5 2. g3 Nf6 3. Bg2 Bg4 4. 0-0 e6 5. c4 c6 6. Qb3 Qc8 7. Nc3 Bd6 8. d4 0-0 9. Bf4 Bxf4 10. gxf4 dxc4 11. Qxc4 Bxf3 12. Bxf3 Nd5 13. e3 Qd8 14. Kh1 Qh4 15. Ne4 f5 16. Ng3 Nd7 17. Rg1 N7f6 18. Rg2 Rf7 19. Rag1 Qh3 20. Qe2 Rc8 21. Nh5 Nxh5 22. Bxh5 Rfc7 23. Rg5 Nf6 24. Bf3 g6 25. R1g3 Qh6 26. Kg2 Kf7 27. h4 Rg8 28. h5 Rd7 29. b4 Nd5 30. Rh3 Qg7 31. hxg6+ hxg6 32. Bh5 Qf6 33. Rhg3 Ne7 34. Bf3 Rdd8 35. Qc4 a6 36. a4 Nd5 37. Qc5 Qe7 38. Bxd5 Qxc5 39. Bxe6+ Kxe6 40. bxc5 Kf6 41. a5 Rd7 42. Rh3 Ke6 43. Kf3 Kd5 44. Rh6 Rdg7 45. Ke2 Kc4 46. Rh1 Kd5 47. Kd3 Ke6 48. Rh6 Kf6 49. f3 Kf7 50. e4 Ke7 51. Kc4 Kd7 52. Kd3 Ke7 53. Rh1 fxe4+ 1-0

[Event "FICGS no engines 125 email"]
[Site "FICGS email"]
[Date "2022.12.31"]
[Round "1"]
[White "Kruse, Herbert"]
[Black "Tedoldi, Guido"]
[Result "1-0"]
[WhiteElo "2490"]
[BlackElo "1694"]
[PlyCount "51"]
[EventDate "2022.??.??"]
[EventType "swiss (corr)"]
[EventRounds "1"]
[SourceTitle "Corr 2024"]
[Source "ChessBase"]
[SourceDate "2023.10.19"]
[SourceVersion "1"]
[SourceVersionDate "2023.10.19"]
[SourceQuality "1"]

1. e4 c5 2. Nf3 Nc6 3. d4 cxd4 4. Nxd4 e5 5. Nb5 d6 6. c4 a6 7. N5c3 h6 8. Be2 Nf6 9. 0-0 Be7 10. Be3 0-0 11. Nd2 Be6 12. Nd5 Bxd5 13. exd5 Na7 14. a4 Nh7 15. a5 f5 16. f3 f4 17. Bb6 Qe8 18. Ne4 Nc8 19. Bf2 Ng5 20. Bd3 Qd7 21. Qe2 Nxe4 22. Qxe4 Bf6 23. Qh7+ Kf7 24. Bf5 Qd8 25. Be6+ Ke8 26. Qg6+ 1-0

[Event "FICGS no engines 124 email"]
[Site "FICGS email"]
[Date "2022.11.13"]
[Round "1"]
[White "Brand Lyard, Paul"]
[Black "Kruse, Herbert"]
[Result "0-1"]
[WhiteElo "1400"]
[BlackElo "2490"]
[PlyCount "48"]
[EventDate "2022.??.??"]
[EventType "swiss (corr)"]
[EventRounds "1"]
[SourceTitle "Corr 2024"]
[Source "ChessBase"]
[SourceDate "2023.10.19"]
[SourceVersion "1"]
[SourceVersionDate "2023.10.19"]
[SourceQuality "1"]

1. Nc3 d5 2. d4 Nf6 3. Bg5 Nbd7 4. Bxf6 Nxf6 5. h4 Bf5 6. e3 e6 7. Nf3 Bb4 8. Ne5 Ne4 9. Bd3 Nxc3 10. Qh5 g6 11. Qh6 Ne4+ 12. Ke2 Bf8 13. Bb5+ c6 14. Nxc6 Qb6 15. Nxa7+ Kd8 16. Nc6+ bxc6 17. Qf4 Qxb5+ 18. Kf3 Bd6 19. a4 Nd2+ 20. Kg3 Bxf4+ 21. Kxf4 Qb8+ 22. Kg5 h6+ 23. Kf6 Ne4+ 24. Kxf7 Ra7# 0-1

[Event "FICGS class GM 000011 email"]
[Site "FICGS email"]
[Date "2022.07.17"]
[Round "1"]
[White "Kruse, Herbert"]
[Black "Marciz, Alexander"]
[Result "1/2-1/2"]
[WhiteElo "2493"]
[BlackElo "2505"]
[PlyCount "96"]
[EventDate "2022.??.??"]
[EventType "tourn (corr)"]
[EventRounds "6"]
[EventCategory "11"]
[SourceTitle "Corr 2024"]
[Source "ChessBase"]
[SourceDate "2023.10.19"]
[SourceVersion "1"]
[SourceVersionDate "2023.10.19"]
[SourceQuality "1"]

1. e4 c5 2. Nf3 Nc6 3. Bb5 g6 4. Bxc6 bxc6 5. 0-0 Bg7 6. Re1 Nh6 7. c3 0-0 8. h3 f5 9. e5 Nf7 10. d3 Rb8 11. b3 d6 12. Bf4 h6 13. h4 e6 14. Qd2 g5 15. hxg5 hxg5 16. Nxg5 dxe5 17. Nxf7 Rxf7 18. Rxe5 Qh4 19. Qe3 Bxe5 20. Qxe5 Rbb7 21. Nd2 Rh7 22. Bh2 Rbg7 23. Qb8 Qd8 24. Re1 Rb7 25. Qe5 Qxd3 26. Nc4 Rh5 27. Ne3 Qd8 28. Rd1 Qf8 29. Ng4 Rh8 30. Qf4 Rg7 31. Ne5 Qf6 32. Nf3 Rhh7 33. Qb8 Qf8 34. Qe5 c4 35. b4 Qe8 36. Qf6 Rd7 37. Re1 Rdf7 38. Qe5 Qd8 39. Nd4 Rhg7 40. Bf4 Rh7 41. g3 Qd7 42. Kg2 Re7 43. Qf6 Qd5+ 44. f3 Rhf7 45. Qg6+ Rg7 46. Qf6 Rgf7 47. Qg6+ Rg7 48. Qf6 Rgf7 1/2-1/2